Paradise regain'd : A poem. In four books. To which is added Samson Agonistes. And Poems upon several occasions. With a tractate of education. The author John Milton.

Bibliographic Details
Main Author: Milton, John, 1608-1674
Format: eBook
Language:English
Edition:The fifth edition. Adorn'd with cuts.
Series:Eighteenth century collections online.
Online Access:Full text online

MARC

Tag First Indicator Second Indicator Subfields
LEADER 00000cam a2200000 4500
001 in00001925763
006 m | d |
007 cr |n||||||||n
008 820210s1713 enk|||| s 00||||eng d
005 20260407203923.1
035 |a (CStRLIN)ESTCT134223 
040 |a Uk-ES  |c Uk-ES  |d CStRLIN  |d Thomson Gale  |d UtOrBLW 
100 1 |a Milton, John,  |d 1608-1674. 
245 1 0 |a Paradise regain'd :  |b A poem. In four books. To which is added Samson Agonistes. And Poems upon several occasions. With a tractate of education. The author John Milton. 
250 |a The fifth edition. Adorn'd with cuts. 
264 3 |a London :  |b printed for J. Tonson,  |c 1713. 
300 |a 8 unnumbered pages, 388p., plates :  |b portrait ;  |c 12⁰. 
336 |a text  |b txt  |2 rdacontent 
337 |a computer  |b c  |2 rdamedia 
338 |a online resource  |b cr  |2 rdacarrier 
500 |a 'Samson Agonistes.' and 'Poems upon several occasions' each have separate titlepages. 
500 |a The pagination and register are continuous. 
500 |a Includes: 'Comus'. 
500 |a Reproduction of original from the British Library. 
510 4 |a English Short Title Catalog,  |c ESTCT134223. 
533 |a Electronic reproduction.  |b Farmington Hills, Mich. :  |c Thomson Gale,  |d 2003.  |n Available via the World Wide Web.  |n Access limited by licensing agreements  |7 s2003 miunns 
500 |a Electronic resource. 
830 0 |a Eighteenth century collections online. 
856 4 0 |u http://proxy.library.tamu.edu/login?url=https://galenet.galegroup.com/servlet/ECCO?c=1&stp=Author&ste=11&af=BN&ae=T134223&tiPG=1&dd=0&dc=flc&docNum=CW111622158&vrsn=1.0&srchtp=a&d4=0.33&n=10&SU=0LRK&locID=txshracd2898  |z Full text online  |t 0 
999 |a MARS 
999 f f |s 0e06a22a-228a-3ef8-8094-8f519f8cce43  |i 4d2564df-53ce-3c32-8ad5-98911a0b6ee1  |t 0 
952 f f |a Texas A&M University  |b College Station  |c Electronic Resources  |s www_evans  |d Available Online  |t 0  |h No information provided 
998 f f |t 0  |l Available Online